00370nam a2200157Ia 4500008004100000020001800041041000800059082001300067100001600080245003300096250001200129260003000141300000800171365001700179700001600196230714s9999 xx 000 0 und d a9790000000000 aeng a526bMIS aMishra R.P. aFundamentals Of Cartography  a2nd ed. c2014bConcept Publication a538 cRs.b1600.00 aMishra R.P.